[Event "III Duchamp Open 2019"]
[Site "Rio de Janeiro"]
[Date "2019.12.11"]
[Round "6.12"]
[White "Limp, Eduardo Thelio"]
[Black "Alboredo, Julia"]
[Result "1-0"]
[WhiteElo "2356"]
[BlackElo "2184"]
[Annotator "NA"]
[PlyCount "91"]
[EventDate "2019.12.07"]
[EventType "swiss"]
[EventCountry "BRA"]
[SourceTitle "playchess.com"]
[Source "ChessBase"]
[SourceQuality "1"]
[TimeControl "40/5400+30:1800+30"]

1. d4 {[%emt 0:03:29]} Nf6 {[%emt 0:00:00]} 2. Nf3 {[%emt 0:00:17]} g6 {[%emt 0:00:25]} 3. c3 {[%emt 0:00:14]} Bg7 {[%emt 0:00:37]} 4. Qc2 {[%emt 0:00:13]} d5 {[%emt 0:00:46]} 5. Bf4 {[%emt 0:00:09]} O-O {[%emt 0:00:35]} 6. Nbd2 {[%emt 0:00:13]} c5 {[%emt 0:01:39]} 7. e3 {[%emt 0:00:14]} cxd4 {[%emt 0:00:57]} 8. exd4 {[%emt 0:00:11]} Nh5 {[%emt 0:00:44]} 9. Be5 {[%emt 0:12:21]} f6 {[%emt 0:07:46]} 10. Bg3 {[%emt 0:06:50]} e5 {[%emt 0:06:48]} 11. dxe5 {[%emt 0:08:25]} fxe5 {[%emt 0:01:58]} 12. O-O-O {[%emt 0:00:22]} Nc6 {[%emt 0:13:53]} 13. Kb1 {[%emt 0:09:41]} Bf5 {[%emt 0:22:36]} 14. Bd3 {[%emt 0:00:31]} Rc8 {[%emt 0:13:13]} 15. Bxf5 gxf5 16. Bh4 {[%emt 0:07:10]} Qb6 {[%emt 0:02:59]} 17. Qb3 {[%emt 0:04:21]} Qc5 {[%emt 0:06:34]} 18. Ng5 {[%emt 0:11:50]} Rfe8 {[%emt 0:04:34]} 19. Nde4 {[%emt 0:09:10]} fxe4 {[%emt 0:00:59]} 20. Rxd5 {[%emt 0:00:11]} Na5 {[%emt 0:00:44]} 21. Rxc5+ {[%emt 0:00:26]} Nxb3 {[%emt 0:00:07]} 22. Rxc8 {[%emt 0:00:10]} Rxc8 {[%emt 0:02:49]} 23. axb3 {[%emt 0:00:09]} Nf4 {[%emt 0:01:46]} 24. Nxe4 {[%emt 0:06:02]} Nxg2 {[%emt 0:00:26]} 25. Bg3 {[%emt 0:01:22]} Rf8 {[%emt 0:03:08]} 26. Rd1 {[%emt 0:00:42]} h5 {[%emt 0:02:13]} 27. h4 {[%emt 0:04:44]} b6 {[%emt 0:01:26]} 28. b4 {[%emt 0:01:13]} Nf4 {[%emt 0:00:35]} 29. Rd2 {[%emt 0:01:26]} Bh6 {[%emt 0:01:40]} 30. Rd6 {[%emt 0:00:24]} Kg7 {[%emt 0:00:36]} 31. b5 {[%emt 0:01:19]} Rf7 {[%emt 0:00:31]} 32. Kc2 {[%emt 0:00:11]} Ng6 {[%emt 0:01:04]} 33. Kd3 {[%emt 0:04:15]} Bf4 {[%emt 0:00:12]} 34. Kc4 {[%emt 0:00:37]} Ne7 {[%emt 0:00:49]} 35. Rd7 {[%emt 0:00:42]} Nf5 {[%emt 0:00:47]} 36. Rxf7+ {[%emt 0:00:45]} Kxf7 {[%emt 0:00:01]} 37. Kd5 {[%emt 0:00:24]} Ne7+ {[%emt 0:01:11]} 38. Kd6 {[%emt 0:00:18]} Bxg3 {[%emt 0:01:13]} 39. fxg3 {[%emt 0:00:25]} Nf5+ {[%emt 0:00:31]} 40. Kxe5 {[%emt 0:00:16]} Ne3 {[%emt 0:00:10]} 41. b3 {[%emt 0:32:14]} Kg6 {[%emt 0:30:49]} 42. c4 {[%emt 0:00:42]} Kf7 {[%emt 0:00:33]} 43. Nd6+ {[%emt 0:00:31]} Kg6 {[%emt 0:00:28]} 44. Nc8 {[%emt 0:00:09]} Nf1 {[%emt 0:00:04]} 45. Nxa7 {[%emt 0:00:42]} Nxg3 {[%emt 0:00:27]} 46. c5 {[%emt 0:00:28]} 1-0

[Event "III Duchamp Open 2019"]
[Site "Rio de Janeiro"]
[Date "2019.12.11"]
[Round "6.13"]
[White "Rocha, Vitor Firmo de Souza"]
[Black "Guimaraes, Diogo Duarte"]
[Result "0-1"]
[WhiteElo "2169"]
[BlackElo "2322"]
[Annotator "NA"]
[PlyCount "96"]
[EventDate "2019.12.07"]
[EventType "swiss"]
[EventCountry "BRA"]
[SourceTitle "playchess.com"]
[Source "ChessBase"]
[SourceQuality "1"]
[TimeControl "40/5400+30:1800+30"]

1. e4 {[%emt 0:07:53]} e5 {[%emt 0:05:46]} 2. Nf3 {[%emt 0:00:22]} Nc6 {[%emt 0:00:04]} 3. Bb5 {[%emt 0:00:05]} a6 {[%emt 0:01:16]} 4. Bxc6 {[%emt 0:00:34]} dxc6 {[%emt 0:00:05]} 5. d4 {[%emt 0:00:06]} exd4 {[%emt 0:02:03]} 6. Qxd4 {[%emt 0:00:06]} Qxd4 {[%emt 0:02:14]} 7. Nxd4 {[%emt 0:00:05]} c5 {[%emt 0:00:03]} 8. Ne2 {[%emt 0:00:26]} b6 {[%emt 0:00:08]} 9. Bf4 {[%emt 0:01:03]} Bb7 {[%emt 0:00:32]} 10. Nbc3 {[%emt 0:00:31]} O-O-O {[%emt 0:00:26]} 11. Rd1 {[%emt 0:00:15]} Rxd1+ {[%emt 0:01:10]} 12. Kxd1 {[%emt 0:00:05]} f5 {[%emt 0:00:24]} 13. f3 {[%emt 0:00:44]} fxe4 {[%emt 0:00:15]} 14. Nxe4 {[%emt 0:00:05]} Bxe4 {[%emt 0:00:37]} 15. fxe4 {[%emt 0:00:06]} Nf6 {[%emt 0:00:03]} 16. Ng3 {[%emt 0:00:52]} Bd6 {[%emt 0:00:25]} 17. Bxd6 {[%emt 0:01:00]} cxd6 {[%emt 0:00:00]} 18. Re1 {[%emt 0:01:52]} Re8 {[%emt 0:01:47]} 19. Re2 {[%emt 0:05:45]} Kd7 {[%emt 0:01:12]} 20. Kd2 {[%emt 0:01:28]} Re5 {[%emt 0:05:27]} 21. c4 {[%emt 0:00:54]} b5 {[%emt 0:00:35]} 22. a3 {[%emt 0:05:53]} h5 {[%emt 0:04:05]} 23. h4 {[%emt 0:00:22]} g5 {[%emt 0:00:44]} 24. hxg5 {[%emt 0:09:05]} Rxg5 {[%emt 0:00:02]} 25. Nf5 {[%emt 0:06:03]} bxc4 {[%emt 0:03:38]} 26. Kc2 {[%emt 0:10:41]} Nxe4 {[%emt 0:00:58]} 27. Ne3 {[%emt 0:04:24]} Ng3 {[%emt 0:01:41]} 28. Rd2 {[%emt 0:01:02]} Kc6 {[%emt 0:06:40]} 29. Nxc4 {[%emt 0:00:12]} d5 {[%emt 0:00:08]} 30. Na5+ {[%emt 0:05:06]} Kb5 {[%emt 0:01:04]} 31. Nb3 {[%emt 0:00:28]} Nf5 {[%emt 0:00:19]} 32. Rf2 {[%emt 0:06:04]} Rxg2 {[%emt 0:00:20]} 33. Rxg2 {[%emt 0:00:16]} Ne3+ {[%emt 0:00:05]} 34. Kd3 {[%emt 0:00:37]} Nxg2 {[%emt 0:00:06]} 35. Nd2 {[%emt 0:00:42]} h4 {[%emt 0:00:52]} 36. Ke2 {[%emt 0:00:31]} c4 {[%emt 0:01:08]} 37. Nf3 {[%emt 0:01:50]} Kc5 {[%emt 0:00:40]} 38. Kf2 {[%emt 0:00:15]} h3 {[%emt 0:00:48]} 39. Kg3 {[%emt 0:00:16]} Ne3 {[%emt 0:01:40]} 40. Nd2 {[%emt 0:00:54]} a5 {[%emt 0:00:40]} 41. Kxh3 {[%emt 0:31:14]} Nd1 {[%emt 0:30:09]} 42. Kg3 {[%emt 0:00:17]} Nxb2 {[%emt 0:00:08]} 43. Kf3 {[%emt 0:00:19]} a4 {[%emt 0:01:53]} 44. Nb1 {[%emt 0:02:25]} d4 {[%emt 0:00:15]} 45. Nd2 {[%emt 0:00:55]} c3 {[%emt 0:00:09]} 46. Ne4+ {[%emt 0:00:07]} Kd5 {[%emt 0:00:56]} 47. Nf6+ {[%emt 0:00:26]} Kc4 {[%emt 0:00:04]} 48. Ke2 {[%emt 0:00:15]} d3+ {[%emt 0:00:04]} 0-1

[Event "III Duchamp Open 2019"]
[Site "Rio de Janeiro"]
[Date "2019.12.11"]
[Round "6.14"]
[White "Lima, Darcy"]
[Black "Andrade, Roberto Luiz Costa"]
[Result "1-0"]
[WhiteElo "2528"]
[BlackElo "2087"]
[Annotator "ChessBase"]
[PlyCount "131"]
[EventDate "2019.12.07"]
[EventType "swiss"]
[EventCountry "BRA"]
[SourceTitle "playchess.com"]
[Source "ChessBase"]
[SourceQuality "1"]
[TimeControl "40/5400+30:1800+30"]

1. Nf3 {[%emt 0:00:17]} Nf6 {[%emt 0:00:09]} 2. c4 {[%emt 0:01:07]} c6 {[%emt 0:02:14]} 3. g3 {[%emt 0:04:08]} g6 {[%emt 0:02:31]} 4. Bg2 {[%emt 0:00:27]} Bg7 {[%emt 0:00:02]} 5. O-O {[%emt 0:00:18]} O-O {[%emt 0:00:19]} 6. d4 {[%emt 0:00:12]} d5 {[%emt 0:00:51]} 7. cxd5 {[%emt 0:02:12]} cxd5 {[%emt 0:00:18]} 8. Ne5 {[%emt 0:00:19]} Ng4 {[%emt 0:09:09]} 9. Nxg4 {[%emt 0:15:32]} Bxg4 {[%emt 0:00:11]} 10. Nc3 {[%emt 0:00:03]} Nc6 {[%emt 0:04:28]} 11. h3 {[%emt 0:03:49]} Bd7 {[%emt 0:12:07]} 12. Nxd5 {[%emt 0:04:13]} Nxd4 {[%emt 0:04:44]} 13. Bg5 {[%emt 0:01:12]} Re8 {[%emt 0:00:41]} 14. e4 {[%emt 0:01:45]} h6 {[%emt 0:02:58]} 15. Bxh6 {[%emt 0:01:56]} Bxh6 {[%emt 0:02:09]} 16. Qxd4 {[%emt 0:00:08]} Bg7 {[%emt 0:00:19]} 17. Qd2 {[%emt 0:17:22]} Bb5 {[%emt 0:08:35]} 18. Rfd1 {[%emt 0:00:13]} Ba4 {[%emt 0:01:32]} 19. Re1 {[%emt 0:06:31]} e6 {[%emt 0:02:32]} 20. Qb4 {[%emt 0:00:02]} exd5 {[%emt 0:04:46]} 21. Qxa4 {[%emt 0:00:04]} dxe4 {[%emt 0:00:34]} 22. Rxe4 {[%emt 0:00:29]} Rxe4 {[%emt 0:00:21]} 23. Qxe4 {[%emt 0:15:21]} Bxb2 {[%emt 0:02:34]} 24. Rb1 {[%emt 0:00:32]} Bd4 {[%emt 0:18:04]} 25. Rxb7 {[%emt 0:02:54]} Qf6 {[%emt 0:01:43]} 26. Qf3 {[%emt 0:00:20]} Qxf3 {[%emt 0:00:51]} 27. Bxf3 {[%emt 0:00:03]} Rd8 {[%emt 0:00:29]} 28. Be2 {[%emt 0:07:30]} Rd6 {[%emt 0:00:24]} 29. Kg2 {[%emt 0:00:25]} Rf6 {[%emt 0:02:00]} 30. f4 {[%emt 0:02:04]} g5 {[%emt 0:02:01]} 31. Kf3 {[%emt 0:00:51]} gxf4 {[%emt 0:00:48]} 32. gxf4 {[%emt 0:00:02]} Kg7 {[%emt 0:00:53]} 33. Ke4 {[%emt 0:03:32]} Bb6 {[%emt 0:00:57]} 34. Bc4 {[%emt 0:00:08]} Bc5 {[%emt 0:03:18]} 35. f5 {[%emt 0:00:40]} Bf2 {[%emt 0:00:53]} 36. a4 {[%emt 0:02:43]} a5 {[%emt 0:01:36]} 37. Bd5 {[%emt 0:01:45]} Be1 {[%emt 0:02:02]} 38. Ra7 {[%emt 0:00:10]} Bb4 {[%emt 0:01:12]} 39. h4 {[%emt 0:00:28]} Be1 {[%emt 0:00:49]} 40. h5 {[%emt 0:00:06]} Bd2 {[%emt 0:02:52]} 41. Ke5 {[%emt 0:31:53]} Bc3+ {[%emt 0:30:16]} 42. Kf4 {[%emt 0:00:08]} Bd2+ {[%emt 0:01:07]} 43. Kg4 {[%emt 0:02:28]} Bc3 {[%emt 0:02:03]} 44. Ba2 {[%emt 0:04:08]} Bd2 {[%emt 0:01:09]} 45. Bc4 {[%emt 0:00:00]} Bb4 {[%emt 0:00:00]} 46. Kf4 {[%emt 0:00:00]} Bd2+ {[%emt 0:00:00]} 47. Ke4 {[%emt 0:00:00]} Bb4 {[%emt 0:00:00]} 48. h6+ {[%emt 0:00:00]} Kxh6 {[%emt 0:00:00]} 49. Bxf7 {[%emt 0:00:00]} Kg5 {[%emt 0:00:00]} 50. Be6 {[%emt 0:00:00]} Rh6 {[%emt 0:00:00]} 51. Kd5 {[%emt 0:00:00]} Bc3 {[%emt 0:00:00]} 52. Rc7 {[%emt 0:00:00]} Bb4 {[%emt 0:00:00]} 53. Ke5 {[%emt 0:00:00]} Rh1 {[%emt 0:00:00]} 54. Rg7+ {[%emt 0:00:00]} Kh6 {[%emt 0:00:00]} 55. Rg6+ {[%emt 0:00:00]} Kh7 {[%emt 0:00:00]} 56. Bg8+ {[%emt 0:00:00]} Kh8 {[%emt 0:00:00]} 57. Bd5 {[%emt 0:00:00]} Re1+ {[%emt 0:00:00]} 58. Kf6 {[%emt 0:00:00]} Be7+ {[%emt 0:00:39]} 59. Kf7 {[%emt 0:00:00]} Kh7 {[%emt 0:00:20]} 60. f6 {[%emt 0:00:00]} Bb4 {[%emt 0:02:46]} 61. Rg3 {[%emt 0:00:03]} Kh6 {[%emt 0:00:04]} 62. Bf3 {[%emt 0:02:54]} Bc3 {[%emt 0:01:33]} 63. Rg6+ {[%emt 0:00:08]} Kh7 {[%emt 0:00:21]} 64. Rg5 {[%emt 0:01:21]} Bd2 {[%emt 0:01:19]} 65. Rh5+ {[%emt 0:00:16]} Bh6 {[%emt 0:00:10]} 66. Bg4 {[%emt 0:00:13]} 1-0

[Event "III Duchamp Open 2019"]
[Site "Rio de Janeiro"]
[Date "2019.12.11"]
[Round "6.15"]
[White "Alonso, Salvador"]
[Black "Urquiza, Marcello de Albuquer"]
[Result "1-0"]
[WhiteElo "2481"]
[BlackElo "2075"]
[Annotator "ChessBase"]
[PlyCount "53"]
[EventDate "2019.12.07"]
[EventType "swiss"]
[EventCountry "BRA"]
[SourceTitle "playchess.com"]
[Source "ChessBase"]
[SourceQuality "1"]
[TimeControl "40/5400+30:1800+30"]

1. e4 {[%emt 0:00:00]} c5 {[%emt 0:00:00]} 2. Nf3 {[%emt 0:00:00]} e6 {[%emt 0:00:04]} 3. d4 {[%emt 0:00:32]} cxd4 {[%emt 0:00:10]} 4. Nxd4 {[%emt 0:00:05]} a6 {[%emt 0:00:13]} 5. Bd3 {[%emt 0:01:26]} d6 {[%emt 0:01:22]} 6. O-O {[%emt 0:00:52]} Nf6 {[%emt 0:05:12]} 7. Qe2 {[%emt 0:05:02]} b6 {[%emt 0:02:29]} 8. f4 {[%emt 0:02:14]} Bb7 {[%emt 0:05:46]} 9. Nc3 {[%emt 0:03:31]} b5 {[%emt 0:05:41]} 10. Nf3 {[%emt 0:08:22]} b4 {[%emt 0:12:32]} 11. Na4 {[%emt 0:18:39]} g6 {[%emt 0:12:57]} 12. a3 {[%emt 0:19:43]} bxa3 {[%emt 0:11:26]} 13. b3 {[%emt 0:00:18]} d5 {[%emt 0:03:10]} 14. e5 {[%emt 0:02:10]} Ne4 {[%emt 0:03:03]} 15. Bxe4 {[%emt 0:02:21]} dxe4 {[%emt 0:00:31]} 16. Rd1 {[%emt 0:03:34]} Qc7 {[%emt 0:08:06]} 17. Ng5 {[%emt 0:00:17]} Qc6 {[%emt 0:03:32]} 18. Rd4 {[%emt 0:03:40]} Be7 {[%emt 0:06:51]} 19. Nxe4 {[%emt 0:01:45]} O-O {[%emt 0:00:21]} 20. Bxa3 {[%emt 0:03:19]} Bxa3 {[%emt 0:03:25]} 21. Rxa3 {[%emt 0:00:16]} Nd7 {[%emt 0:00:36]} 22. Rc4 {[%emt 0:02:30]} Qd5 {[%emt 0:11:12]} 23. Nac3 {[%emt 0:01:48]} Rfd8 {[%emt 0:01:47]} 24. Nxd5 {[%emt 0:00:38]} exd5 {[%emt 0:00:03]} 25. Rc7 {[%emt 0:00:26]} dxe4 {[%emt 0:01:01]} 26. Rxb7 {[%emt 0:00:08]} Nc5 {[%emt 0:00:23]} 27. Rb4 {[%emt 0:02:29]} 1-0

[Event "III Duchamp Open 2019"]
[Site "Rio de Janeiro"]
[Date "2019.12.11"]
[Round "6.16"]
[White "Molina, Roberto Junio Brito"]
[Black "Sobrero, Sebastian"]
[Result "1/2-1/2"]
[WhiteElo "2448"]
[BlackElo "2059"]
[Annotator "ChessBase"]
[PlyCount "82"]
[EventDate "2019.12.07"]
[EventType "swiss"]
[EventCountry "BRA"]
[SourceTitle "playchess.com"]
[Source "ChessBase"]
[SourceQuality "1"]
[TimeControl "40/5400+30:1800+30"]

1. d4 {[%emt 0:09:50]} Nf6 {[%emt 0:01:07]} 2. c4 {[%emt 0:00:07]} e6 {[%emt 0:00:35]} 3. Nf3 {[%emt 0:00:12]} Bb4+ {[%emt 0:01:24]} 4. Bd2 {[%emt 0:03:35]} Be7 {[%emt 0:00:30]} 5. Nc3 {[%emt 0:00:30]} d5 6. Qc2 {[%emt 0:03:04]} O-O {[%emt 0:04:05]} 7. e4 {[%emt 0:00:16]} dxe4 {[%emt 0:07:36]} 8. Nxe4 {[%emt 0:00:23]} Nbd7 {[%emt 0:05:36]} 9. Bc3 {[%emt 0:05:38]} Nxe4 {[%emt 0:00:10]} 10. Qxe4 {[%emt 0:00:28]} Nf6 {[%emt 0:00:34]} 11. Qc2 {[%emt 0:00:41]} b6 {[%emt 0:00:46]} 12. O-O-O Bb7 13. Ne5 {[%emt 0:02:24]} b5 {[%emt 0:09:26]} 14. cxb5 {[%emt 0:00:32]} a6 {[%emt 0:13:51]} 15. Nc6 {[%emt 0:00:56]} Bxc6 {[%emt 0:00:17]} 16. bxc6 Qd5 17. Kb1 {[%emt 0:17:47]} Qxc6 {[%emt 0:00:50]} 18. Bd3 {[%emt 0:06:48]} g6 {[%emt 0:08:26]} 19. h4 Nd5 {[%emt 0:06:49]} 20. h5 {[%emt 0:04:19]} Rab8 {[%emt 0:08:42]} 21. Bd2 {[%emt 0:02:25]} Qxc2+ {[%emt 0:04:23]} 22. Kxc2 {[%emt 0:00:32]} Nb4+ {[%emt 0:03:23]} 23. Bxb4 {[%emt 0:00:06]} Rxb4 {[%emt 0:00:08]} 24. b3 {[%emt 0:05:01]} Rxd4 {[%emt 0:06:59]} 25. a4 a5 26. hxg6 {[%emt 0:02:38]} hxg6 {[%emt 0:00:45]} 27. Bc4 {[%emt 0:03:21]} Rfd8 {[%emt 0:03:35]} 28. Rxd4 {[%emt 0:00:05]} Rxd4 {[%emt 0:00:08]} 29. Rd1 {[%emt 0:00:05]} Bc5 {[%emt 0:00:18]} 30. Rxd4 {[%emt 0:00:05]} Bxd4 {[%emt 0:00:07]} 31. f3 {[%emt 0:00:03]} Bc5 {[%emt 0:00:36]} 32. Kd3 {[%emt 0:00:16]} Kf8 {[%emt 0:00:23]} 33. g4 {[%emt 0:00:30]} Ke7 {[%emt 0:00:51]} 34. g5 {[%emt 0:02:19]} Kd6 {[%emt 0:01:16]} 35. Ke4 {[%emt 0:00:16]} Bb6 {[%emt 0:00:17]} 36. f4 {[%emt 0:00:30]} Bc5 37. Bb5 {[%emt 0:00:15]} Bb4 {[%emt 0:01:04]} 38. Be8 Ke7 {[%emt 0:00:06]} 39. Bb5 {[%emt 0:00:59]} Kd6 {[%emt 0:00:04]} 40. Be8 Ke7 {[%emt 0:00:07]} 41. Bb5 {[%emt 0:30:06]} Kd6 {[%emt 0:30:09]} 1/2-1/2

[Event "III Duchamp Open 2019"]
[Site "Rio de Janeiro"]
[Date "2019.12.12"]
[Round "7.1"]
[White "Martinez Alcantara, Jose Eduardo"]
[Black "Supi, Luis Paulo"]
[Result "1/2-1/2"]
[WhiteElo "2592"]
[BlackElo "2578"]
[Annotator "TA"]
[PlyCount "132"]
[EventDate "2019.12.07"]
[EventType "swiss"]
[EventCountry "BRA"]
[SourceTitle "playchess.com"]
[Source "ChessBase"]
[SourceQuality "1"]

{[%evp 16,132,3,1,14,-3,0,0,0,0,0,0,0,-10,0,-21,-18,-14,0,0,0,-73,-84,-118,-112,-139,-123,-127,-134,-170,-172,-162,-142,-168,-168,-277,-197,-197,-173,-181,-161,-205,-201,-193,-193,-195,-198,-198,-198,-238,-185,-174,-160,-162,-162,-162,-162,-162,-145,-153,-156,-152,-122,-122,-122,-115,-68,-96,-95,-105,-89,-91,-94,-89,-96,-97,-97,-131,-126,-185,-185,-185,-185,-185,-185,-172,-167,-165,-126,-125,-16,-20,-21,-36,-14,-14,-14,-14,-14,-14,-14,-14,-14,-14,0,0,0,0,0,0,0,0,0,0,0,0,0,0,0]} 1. c4 e5 2. Nc3 Nf6 3. Nf3 Nc6 4. d3 d5 5. cxd5 Nxd5 6. g3 Be7 7. Bg2 Be6 8. O-O O-O 9. d4 exd4 {A29: English Opening: Four Knights Variation with 4 g3} 10. Nxd4 Nxd4 11. Qxd4 {[%cal Rc3d5]} Bf6 12. Qc5 {[%cal Rc3d5]} Nxc3 13. bxc3 c6 14. Rb1 $146 ({Predecessor:} 14. Be3 Qc7 15. Bf4 Be7 16. Bd6 Bxd6 {0-1 (16) Kopsa,P (2372)-Fischer,D (2330) GER email 2016}) 14... b6 15. Qa3 Qc8 $36 {[%mdl 2048] White is under pressure.} 16. Be3 Bc4 17. Bf3 Qe6 18. Rbd1 (18. Ra1 $11 {remains equal.}) 18... Bxa2 $17 19. Rd6 {[%mdl 64] Double Attack} Qe7 $1 20. Bf4 {[#]} Bd5 $1 {[%mdl 512]} 21. Bxd5 cxd5 22. Ra1 Qxe2 {Threatens to win with ...Be7.} 23. Rxd5 Qf3 24. Rd7 a5 {[%cal Ba7a5,Ba5a4][%mdl 32]} ({Stronger than} 24... Bxc3 25. Rc7 $16) 25. Rb1 (25. Qa4 $142) 25... Rae8 ({Not} 25... Qxc3 26. Qxc3 Bxc3 27. Bd6 $17) 26. Qb3 Re6 ({Inferior is} 26... Bxc3 27. Rc7 $16) 27. Bd2 h6 28. c4 Qxb3 29. Rxb3 a4 30. Ra3 Ra8 31. Be3 Rc6 32. Rb7 Bd8 33. Kg2 Rxc4 34. Bxb6 Rb4 35. Ra7 Rxa7 36. Bxa7 $19 {[%mdl 4096] Endgame KRB-KRB} Bf6 37. Bc5 Rb5 38. Bd6 Ra5 39. Ra2 Ra6 40. Bb4 Bd4 41. Rd2 Be5 42. Re2 Bd6 43. Re8+ Kh7 44. Bxd6 Rxd6 $17 {KR-KR} 45. Ra8 Rd4 46. Ra6 g5 47. h3 {[#]} (47. Kf1 $17) 47... h5 $1 $19 48. Kf3 Rb4 49. Ke3 h4 50. Kf3 Kg7 51. Kg2 f6 52. Ra7+ Kf8 (52... Kh6 $17 {Threatening ...hxg3.} 53. Ra5 Kg6) 53. f4 $1 $11 Rb2+ 54. Kg1 $1 Ra2 55. fxg5 {The position is equal.} fxg5 56. gxh4 gxh4 {aiming for ...a3.} 57. Kf1 Ke8 58. Ke1 Kd8 59. Kd1 Ra3 60. Kd2 Kc8 61. Ra5 Kb7 {White must now prevent ...Kb6.} 62. Rb5+ $1 Ka6 (62... Kc6 $5 63. Rb4 $8 Rg3 64. Rxh4 Kb5 $11) 63. Rb4 $1 Ka5 64. Rxh4 Rb3 65. Kc2 Rb5 66. Rh8 Kb4 {Accuracy: White = 60%, Black = 64%.} 1/2-1/2

[Event "III Duchamp Open 2019"]
[Site "Rio de Janeiro"]
[Date "2019.12.11"]
[Round "7.2"]
[White "Cruz, Cristhian"]
[Black "Hernandez Guerrero, Gilberto"]
[Result "1/2-1/2"]
[WhiteElo "2562"]
[BlackElo "2554"]
[Annotator "TA"]
[PlyCount "50"]
[EventDate "2019.12.07"]
[EventType "swiss"]
[EventCountry "BRA"]
[SourceTitle "playchess.com"]
[Source "ChessBase"]
[SourceQuality "1"]

{[%evp 23,50,0,0,-7,0,0,0,0,22,0,0,0,14,0,0,0,0,-11,0,-13,12,0,0,0,23,0,0,0,11]} 1. c4 e5 2. Nc3 Bb4 3. Nd5 a5 4. a3 Be7 5. Nf3 d6 6. e3 Nf6 7. Nc3 O-O 8. Be2 Nc6 9. Qc2 d5 10. cxd5 Nxd5 11. O-O Be6 12. d3 f5 13. Rb1 {A28: English Opening: Four Knights Variation} (13. Re1 Kh8 14. Nxd5 Qxd5 15. e4 Qd6 16. exf5 Bxf5 17. Be3 Rad8 18. Rad1 Qg6 19. Qb3 Be6 20. Qa4 Bd5 {0-1 (55) Timofeev,A (2589)-Karjakin,S (2753) St Petersburg 2018}) 13... Qd7 14. Rd1 {[#]} Rad8 $146 ({Predecessor:} 14... Bf6 15. Ne4 fxe4 16. dxe4 {1-0 (63) Ribli,Z (2625)-Georgiev,K (2590) Reggio Emilia 1989}) 15. Bd2 Kh8 16. Nxd5 Bxd5 17. Bc3 Qe6 18. b4 axb4 19. axb4 e4 20. dxe4 fxe4 21. Nd4 Nxd4 22. Bxd4 c6 23. Rd2 Bh4 24. Bf1 b5 25. Ra1 Ra8 {Accuracy: White = 34%, Black = 56%.} 1/2-1/2

[Event "III Duchamp Open 2019"]
[Site "Rio de Janeiro"]
[Date "2019.12.11"]
[Round "7.3"]
[White "Diamant, Andre"]
[Black "Perdomo, Leandro"]
[Result "1-0"]
[WhiteElo "2533"]
[BlackElo "2474"]
[Annotator "TA"]
[PlyCount "75"]
[EventDate "2019.12.07"]
[EventType "swiss"]
[EventCountry "BRA"]
[SourceTitle "playchess.com"]
[Source "ChessBase"]
[SourceQuality "1"]

{[%evp 16,75,19,22,59,10,25,25,35,30,64,68,116,115,143,145,160,145,127,96,166,160,162,149,162,154,164,158,164,153,176,190,258,257,236,141,141,147,151,147,147,147,156,125,391,399,393,376,577,403,562,563,1368,1387,1417,1414,1264,1147,1340,1245,5165,4417]} 1. e4 e5 2. Bc4 Nf6 3. d3 Nc6 4. Nc3 Bb4 5. Nge2 d5 6. exd5 Nxd5 7. O-O Bxc3 8. Nxc3 Nxc3 9. bxc3 O-O {C28: Vienna Game: 2...Nf6 3 Bc4 Nc6} 10. Re1 (10. Qf3 $5 {[%cal Rc1a3]}) (10. f4 exf4 11. Bxf4 Na5 12. Bb3 Nxb3 13. axb3 Be6 14. Qf3 c6 15. Qg3 f6 16. Bd6 Re8 17. c4 {½-½ (32) Rublevsky,S (2702)-Khairullin,I (2652) Berlin 2015}) 10... Na5 11. Bb3 Nxb3 {White has an edge.} 12. axb3 Qf6 $146 ({Predecessor:} 12... Re8 13. Bb2 Bd7 14. d4 e4 15. c4 Qg5 16. Qc1 Qh4 17. Qe3 {½-½ (41) Balogh,M (1870)-Nemeth,Z (2004) Hungary 2016}) 13. d4 Qc6 14. Rxe5 ({Don't play} 14. dxe5 $6 Qxc3 15. Ba3 Re8 $14) 14... Qxc3 15. Ra4 {[%cal Ba1a4,Ba4c4,Bc4c7][%mdl 32]} Qc6 {[#]} 16. Ba3 $1 {Rc4 is the strong threat.} Rd8 17. Be7 Rd5 (17... Re8 $16) 18. Rc4 $18 Qd7 {Threatens to win with ...Rxe5.} 19. Rxd5 {[%mdl 64] Overworked Piece} Qxd5 20. Rxc7 b5 21. c4 bxc4 22. bxc4 Qa5 23. Rc5 Qc3 (23... Qb6 $142 24. Re5 Be6) 24. h3 a5 25. Kh2 $40 {[%mdl 128] White has strong attack.} ({Better is} 25. d5 $18) 25... h6 $16 26. Qe2 {aiming for Qe4.} Bd7 {[#]} 27. Qe4 $1 {[%cal Re4a8]} Rc8 28. Rxc8+ Bxc8 29. Qc6 Be6 $2 {[%mdl 8192]} (29... Bf5 $16 {might work better.}) 30. Qa8+ $18 Kh7 31. Qe4+ g6 (31... Kg8 {was necessary.} 32. d5 Bc8) 32. d5 Bf5 33. Qf4 {White is clearly winning.} Qe1 34. Bf8 Kg8 35. Bxh6 {White threatens Qd4 and mate.} Qe4 36. Qd6 {Qf8+ would kill now.} Kh7 37. Be3 Qxc4 38. Qf6 {Accuracy: White = 79%, Black = 41%.} 1-0

[Event "III Duchamp Open 2019"]
[Site "Rio de Janeiro"]
[Date "2019.12.11"]
[Round "7.4"]
[White "Vazquez, Guillermo"]
[Black "Limp, Eduardo Thelio"]
[Result "1/2-1/2"]
[WhiteElo "2506"]
[BlackElo "2356"]
[Annotator "TA"]
[PlyCount "35"]
[EventDate "2019.12.07"]
[EventType "swiss"]
[EventCountry "BRA"]
[SourceTitle "playchess.com"]
[Source "ChessBase"]
[SourceQuality "1"]

{[%evp 9,35,31,31,22,29,25,32,35,21,22,31,33,60,21,74,76,64,51,35,0,0,0,20,0,0,0,0,-41]} 1. e4 c5 2. Nf3 b6 3. c4 Bb7 4. Nc3 Nc6 5. d4 cxd4 6. Nxd4 {A34: Symmetrical English: 2 Nc3, lines with ...d5} Nf6 7. Be3 Nxd4 $146 ({Predecessor:} 7... e6 8. f3 Qb8 9. Qd2 Be7 10. O-O-O O-O 11. g4 Nxd4 12. Bxd4 d6 13. g5 Nd7 14. Kb1 Rc8 15. Be2 a6 16. h4 Ne5 {1-0 (40) Kortschnoj,V (2625)-Winants,L (2415) Brussels 1987}) 8. Qxd4 {White is slightly better.} Ng4 9. Bc1 e5 10. Qd1 $1 {[%cal Rd1g4]} f5 {[#] And now ...Bc5 would win.} 11. Be2 ({But not} 11. exf5 Qh4 $15) (11. h3 $5 {[%cal Rh3g4]} Nf6 12. exf5 $14) 11... Bc5 (11... Qh4 $1 $11 {remains equal.} 12. Bxg4 Qxg4 13. Qxg4 fxg4) 12. Bxg4 $16 Qh4 {[%csl Gc5][%cal Rh4f2]} 13. O-O Qxg4 14. Qxg4 (14. Be3 $5 {[%cal Re3c5]}) 14... fxg4 {The position is equal.} 15. Be3 Ke7 16. Rad1 Bxe3 17. fxe3 Rhf8 18. Nd5+ {Accuracy: White = 43%, Black = 63%.} 1/2-1/2